Rastové tabuľky hlavných drevín ČSSR /

Hlavní autor: Halaj, Ján, 1919-1997
Další autoři: Řehák, Jaroslav, 1914-2007
Jazyk: Slovenština
Vydáno: Bratislava : Príroda, 1979
Vydání: 1. vyd.
Edice: Lesnícka veda a výskum (Príroda)
Témata:
dub
Fyzický popis: 352 s.
Language note: Anglické, německé a ruské resumé
Knihy
Uloženo v:
LEADER 01088nam a22003252a 4500
001 001155102
003 CZ BrMZK
005 20111007135108.0
007 ta
008 110623s1979 xo er|||||||||||slo d
040 |a ABA001  |b cze  |d BOA001 
041 0 |a slo  |b eng  |b ger  |b rus 
072 7 |a 630  |x Lesnictví  |2 Konspekt  |9 24 
080 9 |a 630.5  |2 MRF 
100 1 |a Halaj, Ján,  |d 1919-1997  |7 jn20000602770  |4 aut 
245 1 0 |a Rastové tabuľky hlavných drevín ČSSR /  |c Ján Halaj, Jaroslav Řehák 
250 |a 1. vyd. 
260 |a Bratislava :  |b Príroda,  |c 1979 
300 |a 352 s. 
490 1 |a Lesnická veda a výskum 
546 |a Anglické, německé a ruské resumé 
650 7 |a dendrometrie  |7 ph316236  |2 czenas 
650 7 |a dub  |7 ph241922  |2 czenas 
650 7 |a lesní porosty  |7 ph115116  |2 czenas 
700 1 |a Řehák, Jaroslav,  |d 1914-2007  |7 jx20060210054  |4 aut 
830 0 |a Lesnícka veda a výskum (Príroda)  |0 s 
910 |a BOA001  |b 2-0811.036 
990 |a BK 
991 |b 201106 
996 7 |b 2619428666  |c 2-0811.036  |l MZK  |r Sklad / do 1 hodiny  |n 3  |w 001188164  |u 000010  |a 1  |e BOA001  |j MZK50  |s A